| 000 | 00000nas##2200000za#4500 |
| 001 | 9.508644 |
| 003 | CaOODSP |
| 005 | 20210920133641 |
| 007 | ta |
| 008 | 150406c1991||||xxc|| p #||||f| |0eng|d |
| 022 | |a0705-6109 |
| 040 | |aCaOODSP|beng |
| 041 | |aeng |
| 041 | |afre |
| 043 | |an-cn--- |
| 086 | 1 |aRG12-1 |
| 110 | 1 |aCanada. |bBureau of Competition Policy. |
| 245 | 10|aMisleading advertising bulletin / |cIssued by the Director of Investigation and Research, Competition Act. |
| 260 | |aOttawa - Ontario : |bConsumer and Corporate Affairs. |
| 310 | |aQuarterly |
| 546 | |aBilingual |
| 775 | 08|tMisleading advertising bulletin / |w(CaOODSP)9.514320 |
| 792 | |tBulletin de la publicité trompeuse / |efre|w(CaOODSP)9.508645 |